000 00209nam a22000857a 4500
008 170607b xxu||||| |||| 00| 0 eng d
100 _93326
_aBail. S
245 _aA Necessary Journey
260 _aNew Delhi
_bCBT
_c2003
999 _c6645
_d6645